000 00514nam a2200157 a 4500
001 ASIN8121922011
005 20140625041815.0
008 140625s2010 xxu eng d
020 _a8121922011 (paperback)
020 _a9788121922012 (paperback)
100 1 _aSajan, Mathew.
245 1 0 _aSoftware engineering /
_cMathew Sajan.
260 _a[S.l.] :
_bS Chand & Co Ltd,
_c2010.
300 _a1 v. (unpaged) ;
_c24 cm.
856 4 0 _3Amazon.com
_uhttp://www.amazon.com/exec/obidos/ASIN/8121922011/chopaconline-20
999 _c7565
_d7565